Once Upon A Time: Villains Quiz Stats

 Plays Quiz not verified by Sporcle

Challenge
Share
Tweet
Embed
Score 0/20 Timer 04:00
0 Plays Today
Hint Villain % Correct
'I will destroy your happiness!'Regina
98.3%
'All magic comes with a price.'Rumplestiltskin
97.8%
'I can skin myself a crocodile.'Captain Hook
92.9%
'Come on boys...Let's play.'Peter Pan
92.2%
'Wicked always wins.'Zelena
89.5%
'Love is weakness.'Cora
87.1%
'I'm going to build a snowman.'Ingrid
83.2%
'The Mirror strikes again!'Magic Mirror
78.4%
'Peter Pan never fails.'Felix
70.8%
'There's no Savior in this town anymore.'The Dark Swan
70.2%
Hint Villain % Correct
'I wouldn't do that if I were you.'Cruella de Vil
68.4%
'Who are we fighting?'Ursula
65.3%
''Beast' is so harsh.'Maleficent
62.4%
'Something to think about... for eternity.'Hades
57.7%
'All they need to know is now they have a king.'King Arthur
53.9%
'We have faith in the sacredness of our cause.'Tamara
47.9%
'I'll never stop looking.'Greg Mendell
46.9%
'I chose power over love.'Fiona
44.4%
'Rumplestiltskin's eyes are usually fine to look through.'Nimue
38.4%
'Family is everything, my dear.'King George
36.2%

You're not logged in!

Compare scores with friends on all Sporcle quizzes.
OR
Log In

You Might Also Like...

Show Comments

Extras

Top Quizzes Today


Score Distribution

Your Account Isn't Verified!

In order to create a playlist on Sporcle, you need to verify the email address you used during registration. Go to your Sporcle Settings to finish the process.

Report this User

Report this user for behavior that violates our Community Guidelines.

Details: